Computer Simulation Techniques

Na minha lista:
Detalhes bibliográficos
Formato: Livro
Idioma:inglês
Publicado em: New York : John Wiley & Sons, 1966
Tags: Adicionar Tag
Sem tags, seja o primeiro a adicionar uma tag!

MARC

LEADER 00000nam a22000003a 4500
001 stu35196
005 20190206124428.9
008 920410s1966----xxu-----------------eng-d
040 |a STU  |b slo 
041 0 |a eng 
044 |a xxu 
245 |a Computer Simulation Techniques 
260 |a New York :  |b John Wiley & Sons,  |c 1966 
300 |a 352 s 
996 |b 284M012799  |c M*5346-1  |l MMKN  |s A  |a 24  |w stu35196_0001